We the people: India - the largest democracy (Record no. 38659)

MARC details
000 -LEADER
fixed length control field 00289nam a2200109Ia 4500
082 ## - DEWEY DECIMAL CLASSIFICATION NUMBER
Classification number 321.7(540)
Item number PAL
100 ## - MAIN ENTRY--AUTHOR NAME
Personal name Palkhivala, N A
245 #0 - TITLE STATEMENT
Title We the people: India - the largest democracy
260 ## - PUBLICATION, DISTRIBUTION, ETC. (IMPRINT)
Place of publication Bombay
Name of publisher Strand
Year of publication 1984
942 ## - ADDED ENTRY ELEMENTS (KOHA)
Koha item type Books
Holdings
Withdrawn status Lost status Damaged status Not for loan Home library Current library Date acquired Cost, normal purchase price Full call number Accession Number Koha item type
        RRII Library RRII Library 16/12/2021 55.00 321.7(540) PAL 19013 Books